00908cam a22002411 450000100060000000300080000600500170001400800390003103500190007003500180008904000450010704100080015208200230016024500640018326000550024730000450030250001110034750400370045865000410049570000570053671000460059371000270063930360BD-RjUL20211209051543.0140409r19661964nyua b 101 0 eng a(BD-RjUL)30445 a(OCoLC)180195 aDLCcODaWUdOCoLCdUkdDLCdBD-RjULbeng aeng a154.4082bCAT 196610aCategories of human learning /cEdited by Arthur W. Melton. aNew York :bAcademic Press,cc1964 [Reprint 1966]. axvi, 356 p. :billus., diagrs. ;c24 cm. a"Sponsored by the Office of Naval Research under contract Nonr-1224 (37) with the University of Michigan." aIncludes bibliographies & Index. 0aLearning, Psychology ofvCongresses.1 aMelton, Arthur W.q(Arthur Weever),d1906-1978,eed.1 aUnited States.bOffice of Naval Research.2 aUniversity of Michigan